000 00553nam a2200181 i 4500
001 126924
003 ES-MaACL
005 20250916063051.0
007 t|
008 070214s1962 sp r ||||1| cat d
100 1 _aRiber, Llorenç,
_d1881-1958
_996765
245 1 0 _aObres completes /
_cLlorenç Riber ; próleg de Miguel Batllori, S. J.
260 _aBarcelona :
_bSelecta,
_c1962.
300 _a1 v. :
_bretr. aut. ;
_c16 cm.
700 1 _aBatllori, Miguel.
_926460
852 _aES-MaACL
_jP-855-bis
_bR.51763
999 _c126924
_d126924